=LDR 00000nam 2200000 4500 =001 INLIS000000000012917 =005 20200827085055 =035 ##$$a 0010-061300000012917 =008 200827################g##########0#ind## =041 ##$$a Ind =082 ##$$a 2x3.01 =090 ##$$a 2x3.01, Qah a =100 ##$$a Al-Qahthani, Said =245 1#$$a Aqidah ahlussunah wal jama'h : $b dan kewajiban Mengikutinya /$c Dr. Said Al-Qahthani, Dr.Nashir bin Abdul Karim Al-Aql =260 ##$$a Surabaya :$b Pustaka As-Sunnah,$c 2003. =300 ##$$a viii, 187 hlm. ; $c 20 x 12 cm =650 #4$$a Ahlusunnah wal jama'ah =850 ##$$a NBPNMAT =084 ##$$a 2x3.01 Qah a =250 ##$$a cet.1 =700 #$$a Nashir bin Abdul Karim Al-Aql =990 ##$$a 10310384